[Event "Tata Steel Chess 2012 GM-C"]
[Site "Wijk aan Zee NED"]
[Date "2012.01.17"]
[Round "4.1"]
[White "Hopman, Pieter"]
[Black "Schut, Lisa"]
[Result "0-1"]
[WhiteElo "2342"]
[BlackElo "2290"]
[PlyCount "122"]
[EventDate "2012.01.14"]
[EventType "tourn"]
[EventRounds "13"]
[EventCountry "NED"]
[EventCategory "9"]
[Source "lmi"]
[SourceDate "2012.01.14"]

1. d4 Nf6 2. Nf3 g6 3. c4 Bg7 4. Nc3 d5 5. Bf4 O-O 6. Rc1 dxc4 7. e4 Bg4 8.
Bxc4 Nh5 9. Be3 Bxf3 10. gxf3 e5 11. dxe5 Bxe5 12. Qxd8 Rxd8 13. Ne2 Nc6 14. f4
Bxb2 15. Rb1 Na5 16. Bd5 c6 17. Bxf7+ Kxf7 18. Rxb2 b5 19. Ng3 Nc4 20. Rc2 Nf6
21. Ke2 Rd7 22. Bc1 Re8 23. f3 Nd5 24. a3 c5 25. h4 Ndb6 26. h5 Kg8 27. f5 b4
28. Bg5 b3 29. Rc3 b2 30. hxg6 hxg6 31. fxg6 Re6 32. Nf5 Rxg6 33. f4 Rd2+ 34.
Kf3 Rh2 35. Rd1 Nd2+ 36. Kg4 b1=Q 37. Rxb1 Nxb1 38. Rc1 Rxg5+ 39. fxg5 Nxa3 40.
Rxc5 Nac4 41. Ne7+ Kf8 42. Nc8 Rc2 43. Kh4 Ra2 44. Rc7 a5 45. g6 a4 46. Kg5 a3
47. Nxb6 Nxb6 48. g7+ Kg8 49. Kg6 Rg2+ 50. Kf6 a2 51. Ra7 Kh7 52. Ke5 Rd2 53.
Kf4 Nc8 54. Ra6 Kxg7 55. Ke3 Rh2 56. Kd3 Nd6 57. e5 Nb5 58. Kc4 Rb2 59. Ra8 Kf7
60. Ra6 Ke7 61. Ra8 Ke6 0-1

[Event "Tata Steel Chess 2012 GM-C"]
[Site "Wijk aan Zee NED"]
[Date "2012.01.17"]
[Round "4.2"]
[White "Haast, Anne"]
[Black "Turov, Maxim"]
[Result "0-1"]
[WhiteElo "2290"]
[BlackElo "2645"]
[PlyCount "76"]
[EventDate "2012.01.14"]
[EventType "tourn"]
[EventRounds "13"]
[EventCountry "NED"]
[EventCategory "9"]
[Source "lmi"]
[SourceDate "2012.01.14"]

1. e4 c6 2. d4 d5 3. exd5 cxd5 4. c4 Nf6 5. Nc3 Nc6 6. Bg5 Be6 7. Be2 Qa5 8.
Nf3 dxc4 9. O-O Rd8 10. Re1 a6 11. a4 h6 12. Bxf6 gxf6 13. Bf1 Qf5 14. Ne4 Rg8
15. Rc1 Bd5 16. Nh4 Qf4 17. Qf3 Qxf3 18. Nxf3 Bxe4 19. Rxe4 f5 20. Rf4 Rg4 21.
Rxf5 e6 22. Rh5 Nxd4 23. Ne5 Re4 24. Nxc4 Nb3 25. Rc3 Rd1 26. g3 Rxc4 27. Rxc4
Rxf1+ 28. Kxf1 Nd2+ 29. Ke2 Nxc4 30. b3 Nd6 31. Rh4 Bg7 32. Kd3 f5 33. f3 Kf7
34. Rb4 e5 35. g4 e4+ 36. Ke2 fxg4 37. fxe4 Bc3 38. Rb6 Ke6 0-1

[Event "Tata Steel Chess 2012 GM-C"]
[Site "Wijk aan Zee NED"]
[Date "2012.01.17"]
[Round "4.3"]
[White "Ootes, Lars"]
[Black "Danielian, Elina"]
[Result "1-0"]
[WhiteElo "2326"]
[BlackElo "2490"]
[PlyCount "81"]
[EventDate "2012.01.14"]
[EventType "tourn"]
[EventRounds "13"]
[EventCountry "NED"]
[EventCategory "9"]
[Source "lmi"]
[SourceDate "2012.01.14"]

1. e4 c6 2. d4 d5 3. exd5 cxd5 4. c4 Nf6 5. Nc3 e6 6. Nf3 Bb4 7. cxd5 Nxd5 8.
Bd2 Nc6 9. Bd3 Nf6 10. O-O O-O 11. Bg5 Be7 12. Re1 Bd7 13. Rc1 Nb4 14. Bb1 Bc6
15. Ne5 Rc8 16. Re3 Nbd5 17. Rg3 g6 18. Bh6 Nxc3 19. Rcxc3 Bd6 20. Qc1 Nh5 21.
Rgd3 Re8 22. Nxc6 bxc6 23. Rh3 Qa5 24. Rc5 Bxc5 25. Rxh5 f5 26. dxc5 Rcd8 27.
Rh3 Rd5 28. Bd3 Rxc5 29. Bc4 Re5 30. Re3 Rd8 31. Bxe6+ Kh8 32. Bg5 Rf8 33. b4
Rxe3 34. Bxe3 Qe5 35. Bb3 Rd8 36. g3 h5 37. Qxc6 h4 38. Qxg6 Qa1+ 39. Kg2 h3+
40. Kxh3 Qf1+ 41. Kh4 1-0

[Event "Tata Steel Chess 2012 GM-C"]
[Site "Wijk aan Zee NED"]
[Date "2012.01.17"]
[Round "4.6"]
[White "Sadler, Matthew D"]
[Black "Brandenburg, Daan"]
[Result "1/2-1/2"]
[WhiteElo "2660"]
[BlackElo "2527"]
[PlyCount "78"]
[EventDate "2012.01.14"]
[EventType "tourn"]
[EventRounds "13"]
[EventCountry "NED"]
[EventCategory "9"]
[Source "lmi"]
[SourceDate "2012.01.14"]

1. d4 d5 2. c4 dxc4 3. Nf3 Nf6 4. e3 e6 5. Bxc4 a6 6. O-O c5 7. b3 Nc6 8. Bb2
cxd4 9. Nxd4 Bd7 10. Nf3 Qc7 11. Nbd2 Bd6 12. Rc1 O-O 13. Bd3 Rfd8 14. Nc4 Be7
15. Ng5 Be8 16. Qe2 Rd5 17. f4 Rad8 18. Bxf6 Rxd3 19. Bxe7 Qxe7 20. Rfd1 Rxd1+
21. Rxd1 b5 22. Rxd8 Qxd8 23. Nb2 h6 24. Ne4 Nb4 25. a3 Qd5 26. Nf2 Nc6 27. Qd3
Qxd3 28. Nbxd3 Kf8 29. Ne4 Ke7 30. b4 a5 31. Nc3 f6 32. Kf2 axb4 33. axb4 g5
34. g3 Bd7 35. e4 Nd4 36. Ke3 Nc2+ 37. Kd2 Nd4 38. Ke3 Nc2+ 39. Kd2 Nd4 1/2-1/2

[Event "Tata Steel Chess 2012 GM-C"]
[Site "Wijk aan Zee NED"]
[Date "2012.01.17"]
[Round "4.7"]
[White "Tania, Sachdev"]
[Black "Paehtz, Elisabeth"]
[Result "0-1"]
[WhiteElo "2411"]
[BlackElo "2454"]
[PlyCount "72"]
[EventDate "2012.01.14"]
[EventType "tourn"]
[EventRounds "13"]
[EventCountry "NED"]
[EventCategory "9"]
[Source "lmi"]
[SourceDate "2012.01.14"]

1. d4 d6 2. Nf3 g6 3. c4 Bg7 4. e4 Nf6 5. Nc3 O-O 6. Be2 e5 7. Be3 Ng4 8. Bg5
f6 9. Bh4 Nc6 10. dxe5 dxe5 11. Nd5 Nh6 12. O-O Bg4 13. c5 Bxf3 14. Bxf3 Nd4
15. Be2 c6 16. Ne3 Qe7 17. Rc1 Rfd8 18. Qe1 Nf7 19. Bc4 Kh8 20. b4 b5 21. cxb6
axb6 22. b5 cxb5 23. Nd5 Qa3 24. Rc3 Qb2 25. Bd3 g5 26. Bg3 Rxa2 27. Rc7 Rf8
28. Nxb6 Nd8 29. Rc1 Qa3 30. Qe3 N8e6 31. Rfd1 Rb8 32. Nd5 b4 33. h4 h6 34. Bc4
b3 35. hxg5 fxg5 36. Ne7 Qxe7 0-1

[Event "Tata Steel Chess 2012 GM-C"]
[Site "Wijk aan Zee NED"]
[Date "2012.01.19"]
[Round "5.2"]
[White "Brandenburg, Daan"]
[Black "Tania, Sachdev"]
[Result "1/2-1/2"]
[WhiteElo "2527"]
[BlackElo "2411"]
[PlyCount "87"]
[EventDate "2012.01.14"]
[EventType "tourn"]
[EventRounds "13"]
[EventCountry "NED"]
[EventCategory "9"]
[Source "lmi"]
[SourceDate "2012.01.14"]

1. e4 e6 2. d4 d5 3. exd5 exd5 4. Bd3 Nf6 5. Ne2 c5 6. c3 Nc6 7. O-O cxd4 8.
Nxd4 Nxd4 9. cxd4 Be7 10. Nc3 O-O 11. Re1 Be6 12. Bf4 a6 13. a4 Re8 14. Qb3 Bd6
15. Bxd6 Qxd6 16. h3 Rab8 17. Rac1 Nh5 18. Re5 Nf4 19. Bf1 Ng6 20. Re3 Ne7 21.
Na2 Nc6 22. Qb6 Rec8 23. Rb3 Qd7 24. Nb4 Nxb4 25. Rxc8+ Rxc8 26. Qxb4 Rc7 27.
a5 g6 28. Qd2 Qa4 29. Ra3 Qc6 30. Rc3 Qd6 31. Rb3 Bf5 32. Rb6 Qd7 33. Qf4 Qc8
34. g4 Be6 35. Kg2 Rc6 36. Rb4 Bd7 37. Kg3 Re6 38. Bg2 Bc6 39. Rb3 Qd8 40. Rf3
Be8 41. Rc3 Bc6 42. Rf3 Be8 43. Rc3 Bc6 44. Rf3 1/2-1/2

[Event "Tata Steel Chess 2012 GM-C"]
[Site "Wijk aan Zee NED"]
[Date "2012.01.19"]
[Round "5.4"]
[White "Goudriaan, Etienne"]
[Black "Grover, Sahaj"]
[Result "0-1"]
[WhiteElo "2279"]
[BlackElo "2532"]
[PlyCount "70"]
[EventDate "2012.01.14"]
[EventType "tourn"]
[EventRounds "13"]
[EventCountry "NED"]
[EventCategory "9"]
[Source "lmi"]
[SourceDate "2012.01.14"]

1. e4 e6 2. d4 d5 3. Nd2 c5 4. exd5 Qxd5 5. Ngf3 cxd4 6. Bc4 Qd6 7. O-O Nf6 8.
Nb3 Nc6 9. Nbxd4 Nxd4 10. Nxd4 a6 11. Re1 Qc7 12. Bb3 Bd7 13. Bg5 Bc5 14. Bxf6
gxf6 15. Bxe6 fxe6 16. Nxe6 Bxe6 17. Rxe6+ Kf7 18. Qd5 Kg7 19. b4 Bxb4 20. Rb1
Rhd8 21. Qf3 Bc3 22. Rxb7 Rd1+ 23. Qxd1 Qxb7 24. h4 Be5 25. f4 Kf7 26. f5 Rg8
27. g4 Qa7+ 28. Kg2 Qa8+ 29. Kg1 Rd8 30. Qe2 Qa7+ 31. Kg2 Qb7+ 32. Kg1 Qb1+ 33.
Kf2 Qb4 34. a3 Qf4+ 35. Kg1 Qc1+ 0-1

[Event "Tata Steel Chess 2012 GM-C"]
[Site "Wijk aan Zee NED"]
[Date "2012.01.19"]
[Round "5.5"]
[White "Danielian, Elina"]
[Black "Tikkanen, Hans"]
[Result "0-1"]
[WhiteElo "2490"]
[BlackElo "2549"]
[PlyCount "138"]
[EventDate "2012.01.14"]
[EventType "tourn"]
[EventRounds "13"]
[EventCountry "NED"]
[EventCategory "9"]
[Source "lmi"]
[SourceDate "2012.01.14"]

1. d4 Nf6 2. Nf3 g6 3. c4 Bg7 4. g3 d5 5. cxd5 Nxd5 6. Bg2 Nb6 7. O-O Nc6 8. e3
O-O 9. Nc3 Re8 10. d5 Na5 11. Nd4 Bd7 12. Re1 c6 13. e4 cxd5 14. exd5 Qc8 15.
Bg5 Qc5 16. Nb3 Nxb3 17. axb3 Nc8 18. Rc1 Qa5 19. h4 h6 20. Bd2 h5 21. Ne4 Qd8
22. Bf4 Bf5 23. Rc7 Bxe4 24. Bxe4 Nd6 25. Bxd6 Qxd6 26. Qc2 Rab8 27. Rc4 Red8
28. Bf3 Qf6 29. Rf4 Qd6 30. Kg2 b5 31. Rfe4 Rdc8 32. Qd3 Rc7 33. Qe3 Kf8 34.
Ra1 a6 35. Qe2 Rbc8 36. Rf4 Rc2 37. Qe6 Qxf4 38. Qxc8+ Rxc8 39. gxf4 Rc2 40.
Rxa6 Bd4 41. d6 exd6 42. Rxd6 Bxf2 43. Kh3 Rxb2 44. Rd3 Ke7 45. Bc6 b4 46. Rf3
Ke6 47. Bb5 Kd5 48. f5 Bd4 49. Bc4+ Ke4 50. Rf1 Be5 51. Re1+ Kxf5 52. Re2 Rxe2
53. Bxe2 Bc3 54. Bc4 Kf6 55. Kg3 Be1+ 56. Kh3 Kg7 57. Bd5 f6 58. Be4 Kh6 59.
Bd5 g5 60. hxg5+ fxg5 61. Bc6 g4+ 62. Kh2 Kg5 63. Kg2 h4 64. Kf1 Bc3 65. Kf2 h3
66. Bd7 Bd4+ 67. Kg3 Be5+ 68. Kf2 g3+ 69. Kg1 Bd4+ 0-1

[Event "Tata Steel Chess 2012 GM-C"]
[Site "Wijk aan Zee NED"]
[Date "2012.01.19"]
[Round "5.6"]
[White "Turov, Maxim"]
[Black "Ootes, Lars"]
[Result "1-0"]
[WhiteElo "2645"]
[BlackElo "2326"]
[PlyCount "91"]
[EventDate "2012.01.14"]
[EventType "tourn"]
[EventRounds "13"]
[EventCountry "NED"]
[EventCategory "9"]
[Source "lmi"]
[SourceDate "2012.01.14"]

1. d4 Nf6 2. Nf3 g6 3. g3 Bg7 4. Bg2 O-O 5. O-O d6 6. a4 c6 7. a5 Nbd7 8. Nc3
Qc7 9. e4 e5 10. h3 Rb8 11. Be3 b5 12. axb6 axb6 13. d5 Bb7 14. Ne1 Ra8 15. Nd3
Rxa1 16. Qxa1 Ra8 17. Qc1 cxd5 18. exd5 e4 19. Nxe4 Nxe4 20. Bxe4 Nf6 21. Bg2
Bxd5 22. Qd1 Bxg2 23. Kxg2 Nd5 24. Re1 Re8 25. Bc1 Rxe1 26. Nxe1 Qc6 27. Qf3
Nb4 28. c3 b5 29. Bf4 Nd5 30. Nd3 Nxf4+ 31. Nxf4 Qc5 32. Qa8+ Bf8 33. Qb7 h5
34. Nd5 h4 35. g4 Bg7 36. Nc7 Qe5 37. Nxb5 d5 38. Nd4 Qe4+ 39. Nf3 Bf6 40. Qb6
Bg5 41. Qb8+ Kh7 42. Qe5 Bc1 43. b4 Qxe5 44. Nxe5 Bb2 45. b5 Bxc3 46. Nc6 1-0

[Event "Tata Steel Chess 2012 GM-C"]
[Site "Wijk aan Zee NED"]
[Date "2012.01.20"]
[Round "6.1"]
[White "Hopman, Pieter"]
[Black "Haast, Anne"]
[Result "1-0"]
[WhiteElo "2342"]
[BlackElo "2290"]
[PlyCount "73"]
[EventDate "2012.01.14"]
[EventType "tourn"]
[EventRounds "13"]
[EventCountry "NED"]
[EventCategory "9"]
[Source "lmi"]
[SourceDate "2012.01.14"]

1. e4 c5 2. d3 e6 3. Be2 d5 4. c3 b6 5. Nf3 Bb7 6. Nbd2 Nd7 7. O-O Qc7 8. Re1
O-O-O 9. Bf1 Bd6 10. d4 f6 11. exd5 exd5 12. a4 a5 13. Nb1 g5 14. Na3 Bc6 15.
Bb5 c4 16. Bxc6 Qxc6 17. b3 cxb3 18. Qxb3 Nh6 19. Nb5 Bb8 20. Ba3 Kb7 21. Qc2
Ka8 22. Re7 Nf8 23. Rae1 Ng6 24. R7e6 Qb7 25. Rxf6 g4 26. Ree6 gxf3 27. Rxb6
Bxh2+ 28. Kxh2 Ng4+ 29. Kg1 Nxf6 30. Rxb7 Kxb7 31. Qb1 Rb8 32. Bd6 Ne4 33. Bxb8
Rxb8 34. gxf3 Nf6 35. Kf1 Nh4 36. Qc1 Ng6 37. Qa3 1-0

[Event "Tata Steel Chess 2012 GM-C"]
[Site "Wijk aan Zee NED"]
[Date "2012.01.20"]
[Round "6.2"]
[White "Ootes, Lars"]
[Black "Schut, Lisa"]
[Result "0-1"]
[WhiteElo "2326"]
[BlackElo "2290"]
[PlyCount "230"]
[EventDate "2012.01.14"]
[EventType "tourn"]
[EventRounds "13"]
[EventCountry "NED"]
[EventCategory "9"]
[Source "lmi"]
[SourceDate "2012.01.14"]

1. e4 e6 2. d4 d5 3. Nc3 Bb4 4. Nge2 dxe4 5. a3 Be7 6. Nxe4 Nf6 7. N2g3 O-O 8.
h4 Nxe4 9. Nxe4 f5 10. Ng5 h6 11. Nf3 c5 12. Bc4 Nc6 13. c3 cxd4 14. cxd4 Bf6
15. d5 exd5 16. Bxd5+ Kh8 17. O-O Bxh4 18. Bxc6 bxc6 19. Ne5 Qe8 20. Re1 Bf6
21. Qd6 Bxe5 22. Rxe5 Qd8 23. Qxd8 Rxd8 24. Be3 a5 25. Bb6 Rd5 26. Rxd5 cxd5
27. Re1 a4 28. Bd4 Kg8 29. Re7 g5 30. Rg7+ Kf8 31. Rh7 Be6 32. Rh8+ Bg8 33.
Rxh6 Ke7 34. Rh5 Rc8 35. Rxg5 Be6 36. Rg7+ Kd6 37. Ra7 Rc4 38. Ra6+ Ke7 39. Bc3
Bd7 40. Bb4+ Kf7 41. Rd6 Be6 42. Bc3 Ke7 43. Be5 Rc1+ 44. Kh2 Rc2 45. Kg3 Re2
46. f4 Re3+ 47. Kf2 Rd3 48. Rb6 Rd2+ 49. Kf1 Bd7 50. Bf6+ Kf7 51. Bc3 Rc2 52.
Rd6 Be6 53. Kg1 Ke7 54. Ra6 Bd7 55. Rb6 Re2 56. Kh2 Re4 57. Be5 Re2 58. Kg3 Rd2
59. Rb4 Bc6 60. Bd4 Bd7 61. Kf3 Rd3+ 62. Be3 Rd1 63. Ke2 Rb1 64. Rb6 Rh1 65.
Kd3 Re1 66. g3 Be6 67. Bc5+ Kf7 68. Rb7+ Ke8 69. Re7+ Kd8 70. Ra7 Re4 71. Bd4
Bd7 72. Ra5 Bc6 73. Kc3 Kc7 74. Ra7+ Kd6 75. Rh7 Bd7 76. Be5+ Kc6 77. Rh6+ Kc5
78. Bd6+ Kb5 79. Bb4 d4+ 80. Kd2 Kc4 81. Rh1 Re3 82. Rg1 Kb3 83. Kc1 Re2 84.
Bd2 Re8 85. Re1 Rc8+ 86. Kd1 Bc6 87. Re5 Bf3+ 88. Ke1 Bg4 89. Rd5 Kc4 90. Ra5
Kd3 91. Rd5 Rc2 92. Bc3 Re2+ 93. Kf1 Re4 94. Bb4 Kc2 95. Re5 d3 96. Rc5+ Kxb2
97. Rd5 Kc2 98. Rc5+ Kd1 99. Rd5 Re3 100. Kf2 Rf3+ 101. Kg2 Ke2 102. Rd8 Rf2+
103. Kg1 Rf1+ 104. Kh2 Bf3 105. g4 Bxg4 106. Re8+ Kf3 107. Rd8 Rd1 108. Rd4 Ke2
109. Ba5 Bf3 110. Rxa4 d2 111. Bxd2 Rxd2 112. Kg3 Be4 113. Ra5 Rd8 114. Rc5
Rg8+ 115. Kh4 Kf3 0-1

[Event "Tata Steel Chess 2012 GM-C"]
[Site "Wijk aan Zee NED"]
[Date "2012.01.20"]
[Round "6.3"]
[White "Tikkanen, Hans"]
[Black "Turov, Maxim"]
[Result "1/2-1/2"]
[WhiteElo "2549"]
[BlackElo "2645"]
[PlyCount "57"]
[EventDate "2012.01.14"]
[EventType "tourn"]
[EventRounds "13"]
[EventCountry "NED"]
[EventCategory "9"]
[Source "lmi"]
[SourceDate "2012.01.14"]

1. d4 Nf6 2. c4 e6 3. g3 Bb4+ 4. Bd2 Bxd2+ 5. Qxd2 d5 6. Bg2 O-O 7. Nf3 Nbd7 8.
O-O dxc4 9. Rd1 c6 10. Ne5 Qc7 11. Nxc4 e5 12. Nc3 exd4 13. Qxd4 Nb6 14. Qd6
Qb8 15. Na5 Be6 16. e4 Qc8 17. Rac1 Bh3 18. e5 Bxg2 19. Kxg2 Ne8 20. Qd4 f6 21.
e6 Nc7 22. e7 Re8 23. Re1 Ncd5 24. Ne4 Qg4 25. f3 Nf4+ 26. Kf2 Nh3+ 27. Kg2
Nf4+ 28. Kf2 Nh3+ 29. Kg2 1/2-1/2

[Event "Tata Steel Chess 2012 GM-C"]
[Site "Wijk aan Zee NED"]
[Date "2012.01.20"]
[Round "6.4"]
[White "Grover, Sahaj"]
[Black "Danielian, Elina"]
[Result "1/2-1/2"]
[WhiteElo "2532"]
[BlackElo "2490"]
[PlyCount "166"]
[EventDate "2012.01.14"]
[EventType "tourn"]
[EventRounds "13"]
[EventCountry "NED"]
[EventCategory "9"]
[Source "lmi"]
[SourceDate "2012.01.14"]

1. d4 d5 2. c4 dxc4 3. e4 c5 4. Nf3 cxd4 5. Qxd4 Qxd4 6. Nxd4 Bd7 7. Nc3 Nc6 8.
Nxc6 Bxc6 9. Bxc4 e6 10. Nb5 Bb4+ 11. Ke2 Ke7 12. a3 Bc5 13. b4 Bxb5 14. Bxb5
Bd4 15. Bg5+ Bf6 16. Bxf6+ Nxf6 17. f3 a6 18. Ba4 Rhc8 19. Rac1 g5 20. Rhd1 h6
21. Ke3 b5 22. Bb3 a5 23. Rxc8 Rxc8 24. bxa5 Ra8 25. Kd4 Rxa5 26. Ra1 Nd7 27.
Kc3 Nc5 28. Bd1 Na6 29. Kb3 Ra4 30. Kb2 Rd4 31. Kc3 Rc4+ 32. Kd2 Nc7 33. Be2
Ra4 34. Bd1 Rd4+ 35. Kc3 Rc4+ 36. Kd3 Rc6 37. Be2 Kd6 38. Rb1 Ke5 39. Rb3 Rc5
40. g3 f5 41. exf5 exf5 42. Ke3 f4+ 43. gxf4+ gxf4+ 44. Kd2 Rd5+ 45. Kc3 Kd6
46. Rb2 Rc5+ 47. Kb3 Re5 48. Rd2+ Kc5 49. Kb2 Re3 50. Bd1 Nd5 51. Bc2 Nb6 52.
Rd3 Nc4+ 53. Kc3 Nxa3 54. Rxe3 fxe3 55. Bb3 Nc4 56. Kd3 Kb4 57. Bc2 e2 58. Kxe2
Kc3 59. Bh7 b4 60. f4 Kd4 61. Kd1 Ne3+ 62. Kd2 Nf1+ 63. Kc2 Nxh2 64. Kb3 Kc5
65. f5 Ng4 66. Bg8 h5 67. Bc4 h4 68. Bf1 Nf6 69. Bg2 Nd5 70. Bh3 Kd4 71. f6
Nxf6 72. Kxb4 Ne4 73. Bc8 Ke5 74. Kb3 Kf4 75. Kc2 Nd6 76. Bh3 Kg3 77. Bd7 Ne4
78. Kd1 Nf6 79. Bc8 Ng4 80. Bxg4 Kxg4 81. Ke2 Kg3 82. Kf1 h3 83. Kg1 h2+
1/2-1/2

[Event "Tata Steel Chess 2012 GM-C"]
[Site "Wijk aan Zee NED"]
[Date "2012.01.20"]
[Round "6.5"]
[White "Sadler, Matthew D"]
[Black "Goudriaan, Etienne"]
[Result "1/2-1/2"]
[WhiteElo "2660"]
[BlackElo "2279"]
[PlyCount "71"]
[EventDate "2012.01.14"]
[EventType "tourn"]
[EventRounds "13"]
[EventCountry "NED"]
[EventCategory "9"]
[Source "lmi"]
[SourceDate "2012.01.14"]

1. e4 c5 2. Nf3 d6 3. d4 cxd4 4. Qxd4 Nc6 5. Bb5 Bd7 6. Bxc6 Bxc6 7. Nc3 Nf6 8.
Bg5 e6 9. Qd3 h6 10. Bh4 a6 11. Nd4 Be7 12. O-O-O Qc7 13. Rhe1 O-O 14. Kb1 Rac8
15. f4 Nxe4 16. Bxe7 Nf2 17. Qg3 Nxd1 18. Bf6 Nxc3+ 19. bxc3 g6 20. f5 exf5 21.
Re3 Kh7 22. Qg5 Bxg2 23. Qxg2 d5 24. Nb3 Qf4 25. Rh3 Qg4 26. Rg3 Qd1+ 27. Kb2
Rc6 28. Bd4 Re6 29. Qxd5 Re2 30. Qxf5 gxf5 31. Rg7+ Kh8 32. Rxf7+ Kg8 33. Rg7+
Kh8 34. Rf7+ Kg8 35. Rg7+ Kh8 36. Rf7+ 1/2-1/2

[Event "Tata Steel Chess 2012 GM-C"]
[Site "Wijk aan Zee NED"]
[Date "2012.01.20"]
[Round "6.7"]
[White "Paehtz, Elisabeth"]
[Black "Brandenburg, Daan"]
[Result "1/2-1/2"]
[WhiteElo "2454"]
[BlackElo "2527"]
[PlyCount "118"]
[EventDate "2012.01.14"]
[EventType "tourn"]
[EventRounds "13"]
[EventCountry "NED"]
[EventCategory "9"]
[Source "lmi"]
[SourceDate "2012.01.14"]

1. e4 e6 2. d4 d5 3. Nc3 Nf6 4. e5 Nfd7 5. f4 c5 6. Nf3 Nc6 7. Be3 cxd4 8. Nxd4
Bc5 9. Qd2 O-O 10. O-O-O a6 11. Nb3 Bxe3 12. Qxe3 f6 13. exf6 Nxf6 14. Be2 e5
15. fxe5 Re8 16. Bf3 Rxe5 17. Qd2 Be6 18. Rhe1 Rxe1 19. Rxe1 Qd6 20. Nd4 Nxd4
21. Qxd4 Rd8 22. g4 h6 23. h4 Qg3 24. Rxe6 Qxf3 25. g5 hxg5 26. hxg5 Qf1+ 27.
Nd1 Nh5 28. Re7 b5 29. Qb6 Qf4+ 30. Ne3 Rd6 31. Qb8+ Kh7 32. Qe8 Qxg5 33. Re5
Qg1+ 34. Nd1 Nf6 35. Qe7 Rc6 36. Qb7 Rxc2+ 37. Kxc2 Qh2+ 38. Kc1 Qxe5 39. Qxa6
Qf4+ 40. Kc2 Qc4+ 41. Nc3 b4 42. Qxc4 dxc4 43. Nd1 Nd5 44. a3 bxa3 45. bxa3 g5
46. Nf2 Kg6 47. a4 Kf5 48. a5 Ke5 49. a6 Kd4 50. a7 Nc7 51. Ng4 Ke4 52. Nf6+
Ke5 53. Ng4+ Kd5 54. Nf6+ Kc6 55. Kc3 Kc5 56. Ne4+ Kd5 57. Nxg5 Nb5+ 58. Kc2
Nxa7 59. Nf3 Nc6 1/2-1/2

[Event "Tata Steel Chess 2012 GM-C"]
[Site "Wijk aan Zee NED"]
[Date "2012.01.21"]
[Round "7.1"]
[White "Brandenburg, Daan"]
[Black "Hopman, Pieter"]
[Result "1-0"]
[WhiteElo "2527"]
[BlackElo "2342"]
[PlyCount "69"]
[EventDate "2012.01.14"]
[EventType "tourn"]
[EventRounds "13"]
[EventCountry "NED"]
[EventCategory "9"]
[Source "lmi"]
[SourceDate "2012.01.14"]

1. e4 d5 2. exd5 Qxd5 3. Nf3 Bg4 4. Be2 Nc6 5. d4 e6 6. c4 Qd7 7. Be3 Nf6 8.
O-O Be7 9. h3 Bh5 10. Nc3 O-O 11. g4 Bg6 12. Ne5 Nxe5 13. dxe5 Qxd1 14. Rfxd1
Ne4 15. Rd7 Nxc3 16. bxc3 Ba3 17. Rxc7 Be4 18. f3 Bc6 19. Rb1 Rfd8 20. f4 Be4
21. Rb3 Bf8 22. Kf2 b6 23. c5 bxc5 24. Bxc5 Bxc5+ 25. Rxc5 Rd2 26. Ra3 h6 27.
Ke3 Rb2 28. h4 g6 29. Raa5 Kg7 30. a4 Bd5 31. Rc7 Rb3 32. Bd3 Ra3 33. f5 gxf5
34. gxf5 h5 35. f6+ 1-0

[Event "Tata Steel Chess 2012 GM-C"]
[Site "Wijk aan Zee NED"]
[Date "2012.01.21"]
[Round "7.4"]
[White "Danielian, Elina"]
[Black "Sadler, Matthew D"]
[Result "1/2-1/2"]
[WhiteElo "2490"]
[BlackElo "2660"]
[PlyCount "91"]
[EventDate "2012.01.14"]
[EventType "tourn"]
[EventRounds "13"]
[EventCountry "NED"]
[EventCategory "9"]
[Source "lmi"]
[SourceDate "2012.01.14"]

1. d4 e6 2. c4 f5 3. g3 Nf6 4. Bg2 Be7 5. Nf3 O-O 6. Nc3 d5 7. O-O c6 8. Rb1
Ne4 9. Qc2 Nd7 10. b4 a6 11. a4 Bf6 12. Rd1 Nd6 13. cxd5 cxd5 14. a5 Kh8 15.
Na4 Nc4 16. Nd2 b5 17. axb6 Ndxb6 18. Nxc4 Nxc4 19. Nc5 Bd7 20. Ra1 Qc8 21. Bf4
Bb5 22. Qc1 Bd8 23. h4 Kg8 24. h5 h6 25. Bf3 Ra7 26. g4 Raf7 27. g5 hxg5 28.
Bxg5 f4 29. Bxd8 Rxd8 30. Kg2 e5 31. dxe5 Nxe5 32. Nd3 Nxf3 33. Qxc8 Nh4+ 34.
Kh3 Rxc8 35. Kxh4 Rc2 36. Ne5 Rf5 37. Rxd5 Rxe2 38. Rd8+ Rf8 39. Rxf8+ Kxf8 40.
Ng6+ Kf7 41. f3 Rh2+ 42. Kg5 Rg2+ 43. Kxf4 Rh2 44. Kg5 Rg2+ 45. Kf4 Rh2 46. Kg5
1/2-1/2

[Event "Tata Steel Chess 2012 GM-C"]
[Site "Wijk aan Zee NED"]
[Date "2012.01.21"]
[Round "7.5"]
[White "Turov, Maxim"]
[Black "Grover, Sahaj"]
[Result "1/2-1/2"]
[WhiteElo "2645"]
[BlackElo "2532"]
[PlyCount "129"]
[EventDate "2012.01.14"]
[EventType "tourn"]
[EventRounds "13"]
[EventCountry "NED"]
[EventCategory "9"]
[Source "lmi"]
[SourceDate "2012.01.14"]

1. c4 e6 2. d4 d5 3. Nc3 Be7 4. cxd5 exd5 5. Bf4 c6 6. Qc2 Nf6 7. h3 Qa5 8. e3
Ne4 9. a3 Bf5 10. Bd3 Na6 11. Rc1 Nxc3 12. Qxc3 Qxc3+ 13. Rxc3 Bxd3 14. Rxd3
O-O-O 15. Nf3 Nc7 16. Ke2 Bd6 17. Bxd6 Rxd6 18. Ne5 Rf8 19. Rc3 Nb5 20. Rc2 Re6
21. Kf3 Nd6 22. Rhc1 f6 23. Nd3 Re7 24. a4 Kd7 25. a5 a6 26. b3 Ke8 27. h4 Kf7
28. g4 Kg8 29. Rg1 Ne4 30. Ke2 f5 31. g5 f4 32. Ne5 c5 33. f3 fxe3 34. fxe4
cxd4 35. Ng4 dxe4 36. Rc4 d3+ 37. Ke1 Rf3 38. Nf6+ Kf7 39. Nxe4 Kg6 40. Rd4 Rh3
41. Rd6+ Kf5 42. Ng3+ Kf4 43. Nh5+ Ke4 44. Rg4+ Kf5 45. Rf4+ Ke5 46. Rxd3 Rc7
47. Rfd4 Rc1+ 48. Rd1 Rxd1+ 49. Rxd1 Rxh4 50. Ng3 Rh3 51. Nf1 e2 52. Kxe2 Rxb3
53. Rd7 Rb5 54. Ne3 Kf4 55. Nc4 Rxg5 56. Rxb7 h5 57. Kf2 Rc5 58. Rb4 Ke4 59.
Nd6+ Kd5 60. Nb7 Rb5 61. Rxb5+ axb5 62. Nd8 Kc5 63. Ne6+ Kc6 64. Nd4+ Kb7 65.
Nxb5 1/2-1/2

[Event "Tata Steel Chess 2012 GM-C"]
[Site "Wijk aan Zee NED"]
[Date "2012.01.21"]
[Round "7.6"]
[White "Schut, Lisa"]
[Black "Tikkanen, Hans"]
[Result "0-1"]
[WhiteElo "2290"]
[BlackElo "2549"]
[PlyCount "94"]
[EventDate "2012.01.14"]
[EventType "tourn"]
[EventRounds "13"]
[EventCountry "NED"]
[EventCategory "9"]
[Source "lmi"]
[SourceDate "2012.01.14"]

1. e4 c5 2. Nf3 d6 3. d4 cxd4 4. Nxd4 Nf6 5. Nc3 g6 6. Be3 Bg7 7. f3 O-O 8. Qd2
Nc6 9. Bc4 Bd7 10. O-O-O Rc8 11. Bb3 Nxd4 12. Bxd4 b5 13. Bxa7 b4 14. Ne2 Qa5
15. Bd4 Ba4 16. Bxa4 Qxa4 17. Kb1 e5 18. b3 Qc6 19. Bb2 d5 20. Bxe5 dxe4 21.
Bb2 exf3 22. gxf3 Nd5 23. Bxg7 Kxg7 24. Qxd5 Qxc2+ 25. Ka1 Qxe2 26. Rd2 Qe7 27.
Qd4+ Kg8 28. Rhd1 Rc3 29. f4 Rfc8 30. f5 Qc7 31. Rb2 Rc1+ 32. Rxc1 Qxc1+ 33.
Rb1 Qg5 34. f6 h5 35. h4 Qg2 36. Rg1 Qh2 37. Re1 Ra8 38. a4 bxa3 39. Qe5 Qxh4
40. Re2 Qb4 41. Qd5 Rb8 42. Ka2 Qc3 43. Rf2 h4 44. Kxa3 Qa1+ 45. Ra2 Qxf6 46.
b4 Qc3+ 47. Qb3 Ra8# 0-1

[Event "Tata Steel Chess 2012 GM-C"]
[Site "Wijk aan Zee NED"]
[Date "2012.01.21"]
[Round "7.7"]
[White "Haast, Anne"]
[Black "Ootes, Lars"]
[Result "1-0"]
[WhiteElo "2290"]
[BlackElo "2326"]
[PlyCount "73"]
[EventDate "2012.01.14"]
[EventType "tourn"]
[EventRounds "13"]
[EventCountry "NED"]
[EventCategory "9"]
[Source "lmi"]
[SourceDate "2012.01.14"]

1. e4 d6 2. d4 Nf6 3. Nc3 g6 4. f4 Bg7 5. Nf3 c5 6. dxc5 Qa5 7. Qd4 dxc5 8. Qc4
O-O 9. e5 Be6 10. Qb5 Qxb5 11. Bxb5 Nd5 12. Nxd5 Bxd5 13. Be3 e6 14. O-O c4 15.
b3 Rc8 16. Rfd1 cxb3 17. axb3 Rxc2 18. Bc4 Nc6 19. Ne1 Rc3 20. Bd2 Rxc4 21.
bxc4 Bxc4 22. Be3 Bf8 23. Rd7 Rb8 24. Nf3 a5 25. Bb6 h6 26. Nd4 Bb4 27. Nxc6
bxc6 28. Bxa5 Bc5+ 29. Kh1 Bd5 30. Rd8+ Rxd8 31. Bxd8 Be3 32. Ra8 Kh7 33. h4 c5
34. Rc8 g5 35. h5 f5 36. Bf6 g4 37. Rh8# 1-0